| 000 | 00000nas 2200000zi 4500 |
| 001 | 9.903544 |
| 003 | CaOODSP |
| 005 | 20250908105313 |
| 006 | m o d f |
| 007 | cr cn |||||||| |
| 008 | 210922c20219999oncar p o f0 0eng|d |
| 022 | |y2561-2875 |
| 040 | |aCaOODSP|beng|erda|cCaOODSP |
| 043 | |an-cn--- |
| 086 | 1 |aA1-35E-PDF |
| 110 | 1 |aCanada. |bAgriculture and Agri-Food Canada, |eauthor, |eissuing body. |
| 245 | 10|aAgriculture and Agri-Food Canada's ... departmental sustainable development strategy report. |
| 246 | 37|a... departmental sustainable development strategy report |
| 264 | 1|a[Ottawa] : |bAgriculture and Agri-Food Canada = Agriculture et agroalimentaire Canada, |c[2022]- |
| 310 | |aAnnual |
| 336 | |atext|btxt|2rdacontent |
| 337 | |acomputer|bc|2rdamedia |
| 338 | |aonline resource|bcr|2rdacarrier |
| 362 | 1 |aBegan with: 2020/2021. |
| 500 | |aIssued also in French under title: Rapport sur la stratégie ministérielle de développement durable de ... d'Agriculture et agroalimentaire Canada. |
| 520 | |a"This report on progress supports the commitment in the Federal Sustainable Development Act (FSDA) to make sustainable development decision-making more transparent and accountable to Parliament. It also contributes to an integrated, whole-of-government view of activities supporting environmental sustainability."--2020-21, p. 1. |
| 588 | |aDescription based on: 2020/2021. |
| 588 | |aLatest issue consulted: 2020/2021. |
| 610 | 10|aCanada. |bAgriculture and Agri-Food Canada|vPeriodicals. |
| 650 | 0|aSustainable development|xGovernment policy|zCanada|vPeriodicals. |
| 655 | 7|aPeriodicals|2lcgft |
| 775 | 08|tRapport sur la stratégie ministérielle de développement durable de ... d'Agriculture et agroalimentaire Canada.|w(CaOODSP)9.903545 |